000
00338nam a2200121 a 4500
005
20140414131946.0
008
110201s19uu xx 00 eng d
050
_a
TR 371.3078
_b
Sch3 2007
100
_a
Schwartz, Betty Ann
245
_a
Spinnables :
_b
The spinning book of colors, shapes, and numbers.
999
_c
112695
_d
112695